书目信息 |
| 题名: |
民俗学中的死亡文化
|
|
| 作者: | 山折哲雄 著 ;熊淑娥 译 | |
| 分册: | ||
| 出版信息: | 北京 社会科学文献出版社 2015.02 |
|
| 页数: | 134页 | |
| 开本: | 23cm | |
| 丛书名: | 阅读日本书系 | |
| 单 册: | ||
| 中图分类: | B086 , K893.132.2 | |
| 科图分类: | ||
| 主题词: | 死亡哲学--研究--日本 , 葬俗--风俗习惯--研究--日本 | |
| 电子资源: | ||
| ISBN: | 978-7-5097-6539-5 | |
| 000 | 01328oam2 2200325 450 | |
| 001 | 0120151512348 | |
| 005 | 20160704085338.46 | |
| 010 | @a978-7-5097-6539-5@dCNY33.00 | |
| 100 | @a20150317d2015 em y0chiy50 ea | |
| 101 | 1 | @achi@cjpn |
| 102 | @aCN@b110000 | |
| 105 | @ay z 000yy | |
| 106 | @ar | |
| 200 | 1 | @a民俗学中的死亡文化@9min su xue zhong de si wang wen hua@e日本人的生死观与丧葬礼仪@f(日)山折哲雄著@g熊淑娥译 |
| 210 | @a北京@c社会科学文献出版社@d2015.02 | |
| 215 | @a134页@d23cm | |
| 225 | 2 | @a阅读日本书系 |
| 300 | @a本书根据岩波书店2002年版译出 | |
| 330 | @a日本人自古以来是如何认识“死亡”的?本书追溯日本人遗骨崇拜的源流,通过对死亡与丧葬礼仪的结构进行分析——其中不乏天皇的事例,揭示了日本人生死观的特色。此外,作者对天皇生理性死亡与社会性死亡差异的考察也为王权及其继承的视角增添了新意。 | |
| 333 | @a宗教学、民俗学、哲学领域的研究人员,对日本的文化和历史感兴趣的读者 | |
| 461 | 0 | @12001 @a阅读日本书系 |
| 517 | 1 | @a日本人的生死观与丧葬礼仪@9ri ben ren de sheng si guan yu sang zang li yi |
| 606 | 0 | @a死亡哲学@x研究@y日本 |
| 606 | 0 | @a葬俗@x风俗习惯@x研究@y日本 |
| 690 | @aB086@v5 | |
| 690 | @aK893.132.2@v5 | |
| 701 | 0 | @c(日)@a山折哲雄@9shan zhe zhe xiong@f(1931-)@4著 |
| 702 | 0 | @a熊淑娥@9xiong shu e@4译 |
| 801 | 0 | @aCN@b人天书店@c20150317 |
| 905 | @b880448-53@dB086@e57@f6 | |
| 民俗学中的死亡文化:日本人的生死观与丧葬礼仪/(日)山折哲雄著/熊淑娥译.-北京:社会科学文献出版社,2015.02 |
| 134页;23cm.-(阅读日本书系) |
| 本书根据岩波书店2002年版译出.-使用对象:宗教学、民俗学、哲学领域的研究人员,对日本的文化和历史感兴趣的读者 |
| ISBN 978-7-5097-6539-5:CNY33.00 |
| 日本人自古以来是如何认识“死亡”的?本书追溯日本人遗骨崇拜的源流,通过对死亡与丧葬礼仪的结构进行分析——其中不乏天皇的事例,揭示了日本人生死观的特色。此外,作者对天皇生理性死亡与社会性死亡差异的考察也为王权及其继承的视角增添了新意。 |
| ● |
| 相关链接 |
|
|
|
|
正题名:民俗学中的死亡文化
索取号:B086/57
 
预约/预借
| 序号 | 登录号 | 条形码 | 馆藏地/架位号 | 状态 | 备注 |
| 1 | 880448 | 208804481 | 第一样本阅览室/ [索取号:B086/57] | 在馆 | |
| 2 | 880449 | 208804490 | 教育系资料室/ [索取号:B086/57] | 在馆 | |
| 3 | 880450 | 208804506 | 教育系资料室/ [索取号:B086/57] | 在馆 | |
| 4 | 880451 | 208804515 | 教育系资料室/ [索取号:B086/57] | 在馆 | |
| 5 | 880452 | 208804524 | 第一借阅区/ [索取号:B086/57] | 在馆 | |
| 6 | 880453 | 208804533 | 第一借阅区/ [索取号:B086/57] | 在馆 |